000 00894nam a22001937a 4500
005 20250110124554.0
010 _aHIN-129206
020 _c195.00
_a9788126728312
035 _aHN-101552
037 _bDBAD
082 _a
100 _aशिव के. कुमार
_976344
245 _aबुद्ध:
_bनिर्वाण की राह पर /
_cशिव के. कुमार; प्रभात के. सिंह द्वारा अनुवादित
260 _aनई दिल्ली
_bराजकमल पेपरबेक्स
_c2016
270 _a1-बी, नेताजी सुभाष मार्ग, दरियागंज
_bनई दिल्ली
_e110002
300 _a175पृ.
_c22सेमी (अजिल्द )
700 _976171
_aप्रभात के. सिंह
942 _2ddc
_cHN
_h
_mशिवके
999 _c208260
_d208260